<?xml version="1.0" encoding="UTF-8"?>
<collection xmlns="http://www.loc.gov/MARC21/slim">
 <record>
  <leader>04962nam a2200289 a 4500</leader>
  <controlfield tag="001">1/49250</controlfield>
  <controlfield tag="008">200225s2019    gr        b   00110 gre  </controlfield>
  <datafield tag="020" ind1=" " ind2=" ">
   <subfield code="a">9789600808360</subfield>
  </datafield>
  <datafield tag="035" ind1=" " ind2=" ">
   <subfield code="l">52251</subfield>
  </datafield>
  <datafield tag="040" ind1=" " ind2=" ">
   <subfield code="a">GR-PeUP</subfield>
  </datafield>
  <datafield tag="082" ind1="0" ind2="0">
   <subfield code="a">327.4 ΕΞΩ</subfield>
  </datafield>
  <datafield tag="245" ind1="0" ind2="0">
   <subfield code="a">Εξωτερικές σχέσεις της ΕΕ /</subfield>
   <subfield code="c">Σπύρος Μπλάβούκος, Δημήτρης Μπουραντώνης, Παναγιώτης Τσάκωνας, επιμέλεια.</subfield>
  </datafield>
  <datafield tag="260" ind1="0" ind2=" ">
   <subfield code="a">Αθήνα :</subfield>
   <subfield code="b">Εκδόσεις Ι. Σιδέρης,</subfield>
   <subfield code="c">2019.</subfield>
  </datafield>
  <datafield tag="300" ind1=" " ind2=" ">
   <subfield code="a">421 σ. :</subfield>
   <subfield code="b">διαγρ., πίν. ;</subfield>
   <subfield code="c">24 εκ.</subfield>
  </datafield>
  <datafield tag="500" ind1=" " ind2=" ">
   <subfield code="a">Περιεχόμενα: Οι εξωτερικές σχέσεις της Ευρωπαϊκής Ένωσης / Σπύρος Μπλαβούκος, Δημήτρης Μπουραντώνης, Παναγιώτης Τσάκωνας -- Το σύστημα παραγωγής εξωτερικής πολιτικής της Ευρωπαϊκής 'Ενωσης / Σπύρος Μπλαβούκος -- Οι διμερείς οικονομικές σχέσεις ΕΕ-ΗΠΑ: Διάρθρωση, προβλήματα και προοπτικές / Κωνσταντίνος Ι. Χαζάκης -- Οι σχέσεις ΕΕ-Ρωσίας: μια αποτίμηση της αλληλεξάρτησης και της εργαλειοθήκης ισχύος ΕΕ και Ρωσίας / Φίλιππος Προέδρου -- Οι σχέσεις Ευρωπαϊκής 'Ενωσης-Κίνας / Σωτήρης Πετρόπουλος -- Η Ευρωπαϊκή 'Ενωση στον Οργανισμό Ηνωμένων Εθνών / Δημήτρης Μπουραντώνης -- Η Ευρωπαϊκή 'Ενωση σε διεθνείς οικονομικούς οργανισμούς: Παγκόσμιος Οργανισμός Εμπορίου (ΠΟΕ) και Διεθνές Νομισματικό Ταμείο (ΔΝΤ) / Σπύρος Μπλαβούκος -- Οι σχέσεις ΕΕ-ΝΑΤΟ: παρελθόν, παρόν και μέλλον / Θάνος Ντόκος -- ΕΕ και Λατινική Αμερική/MERCOSUR / 'Ελενα Λαζάρου -- Οι σχέσεις ΕΕ-Αφρικής / Αστέρης Χουλιάρας, Σοφία Καλαντζάκου -- Εξωτερική πολιτική, άμυνα και ασφάλεια της ΕΕ μετά την παγκόσμια στρατηγική ασφάλειας / αριλένα Κοππά -- Η πολιτική της διεύρυνσης της 'Ενωσης διαχρονικά: μια αποτίμηση / Νικόλαος Τζιφάκης -- Ευρωπαϊκή πολιτική γειτονίας: ανατολική διάσταση / Παναγιώτα Μανώλη -- Η νότια διάσταση της Ευρωπαϊκής πολιτικής γειτονίας / Χαράλαμπος Τσαρδανίδης -- Η εξωτερική δράση της ΕΕ για το περιβάλλον και το παράδειγμα της κλιματικής αλλαγής / Εμμανουέλα Δούση -- Ενεργειακή πολιτική και εξωτερικές σχέσεις της Ευρωπαϊκής 'Ενωσης / Αντώνης Μεταξάς -- Η Ευρωπαϊκή «επίδοση» στη διαχείριση της παράτυπης μετανάστευσης / Παναγιώτης Τσάκωνας -- Εξωτερικές σχέσεις και πολιτικές αντιμετώπισης της τρομοκρατίας και των υβριδικών απειλών / Τριαντάφυλλος Καρατράντος -- Συμπερασματικές παρατηρήσεις: αποτιμώντας τον διεθνή ρόλο της Ευρωπαϊκής 'Ενωσης / Σπύρος Μπλαβούκος, Δημήτρης Μπουραντώνης, Αντώνης Τσάκωνας.</subfield>
  </datafield>
  <datafield tag="504" ind1=" " ind2=" ">
   <subfield code="a">Περιέχει βιβλιογραφία και ευρετήριο .</subfield>
  </datafield>
  <datafield tag="610" ind1="2" ind2="0">
   <subfield code="a">Ευρωπαϊκή Ένωση</subfield>
   <subfield code="x">Εξωτερικές σχέσεις.</subfield>
  </datafield>
  <datafield tag="650" ind1=" " ind2="4">
   <subfield code="a">Διεθνείς οργανισμοί.</subfield>
  </datafield>
  <datafield tag="650" ind1=" " ind2="4">
   <subfield code="a">Εξωτερική πολιτική.</subfield>
  </datafield>
  <datafield tag="650" ind1=" " ind2="4">
   <subfield code="a">International organization.</subfield>
  </datafield>
  <datafield tag="650" ind1=" " ind2="4">
   <subfield code="a">Foreign policy.</subfield>
  </datafield>
  <datafield tag="651" ind1=" " ind2="0">
   <subfield code="a">European Union</subfield>
   <subfield code="x">External relations.</subfield>
  </datafield>
  <datafield tag="700" ind1="1" ind2=" ">
   <subfield code="a">Μπλαβούκος, Σπύρος.</subfield>
  </datafield>
  <datafield tag="700" ind1="1" ind2=" ">
   <subfield code="a">Μπουραντώνης, Δημήτρης.</subfield>
  </datafield>
  <datafield tag="700" ind1="1" ind2=" ">
   <subfield code="a">Τσάκωνας, Παναγιώτης Ι.</subfield>
  </datafield>
  <datafield tag="852" ind1=" " ind2=" ">
   <subfield code="a">INST</subfield>
   <subfield code="b">UNIPILB</subfield>
   <subfield code="c">MAIN</subfield>
   <subfield code="e">20200225</subfield>
   <subfield code="h">327.4 ΕΞΩ</subfield>
   <subfield code="p">00182537</subfield>
   <subfield code="q">00182537</subfield>
   <subfield code="t">LOAN</subfield>
   <subfield code="y">0</subfield>
   <subfield code="4">1</subfield>
  </datafield>
  <datafield tag="852" ind1=" " ind2=" ">
   <subfield code="a">INST</subfield>
   <subfield code="b">UNIPILB</subfield>
   <subfield code="c">MAIN</subfield>
   <subfield code="e">20200225</subfield>
   <subfield code="h">327.4 ΕΞΩ</subfield>
   <subfield code="p">00182538</subfield>
   <subfield code="q">00182538</subfield>
   <subfield code="t">LOAN</subfield>
   <subfield code="y">4</subfield>
   <subfield code="x">20230405</subfield>
   <subfield code="4">2</subfield>
  </datafield>
 </record>
</collection>
